000 00846nam a2200241Ia 4500
999 _c34926
_d34926
001 754
003 GE_BSU
005 20220921150613.0
008 181216s2009||||ge |||||||||||||| ||geo||
020 _a978994050772
040 _cGE_BSU
041 _ageo
080 _a004(075.8) ბ–48
100 _aბენაშვილი, ა.
_910104
245 _aოპერაციული სისტემა :
_bWINDOWS XP /
_cა. ბენაშვილი;
264 _aთბილისი :
_bსაქართველოს უნ–ტი,
_c2009.
300 _a288 გვ.
653 _aWINDOWS XP
653 _aინფორმატიკა
653 _aოპერაციული სისტემა.
653 _aსაინფორმაციო ტექნოლოგიები
942 _cBK
_2udc